MARC

LEADER 00000cam a22000004a 4500
001 musev2_3845
003 MdBmJHUP
005 20230905040457.0
006 m o d
007 cr||||||||nn|n
008 090511s2009 inu o 00 0 eng d
010 |z  2009019547 
020 |a 9780253004000 
020 |z 9780253221469 
020 |z 9780253353979 
035 |a (OCoLC)607553768 
040 |a MdBmJHUP  |c MdBmJHUP 
043 |a aw-----  |a ff----- 
050 0 4 |a JQ1758.A58  |b K56 2009 
100 1 |a King, Stephen J.  |q (Stephen Juan),  |d 1961- 
245 1 4 |a The New Authoritarianism in the Middle East and North Africa /   |c Stephen J. King. 
264 1 |a Bloomington :  |b Indiana University Press,  |c 2009. 
264 3 |a Baltimore, Md. :  |b Project MUSE,   |c 2012 
264 4 |c ©2009. 
300 |a 1 online resource (288 pages). 
336 |a text  |b txt  |2 rdacontent 
337 |a computer  |b c  |2 rdamedia 
338 |a online resource  |b cr  |2 rdacarrier 
490 0 |a Indiana series in Middle East studies 
504 |a Includes bibliographical references and index. 
588 |a Description based on print version record. 
651 0 |a Africa, North  |x Social conditions. 
651 0 |a Middle East  |x Social conditions. 
651 0 |a Africa, North  |x Politics and government. 
651 0 |a Middle East  |x Politics and government  |y 1979- 
650 0 |a Political culture  |z Africa, North. 
650 0 |a Political culture  |z Middle East. 
650 0 |a Democratization  |z Africa, North. 
650 0 |a Democratization  |z Middle East. 
650 0 |a Authoritarianism  |z Africa, North. 
650 0 |a Authoritarianism  |z Middle East. 
655 7 |a Electronic books.   |2 local 
710 2 |a Project Muse.  |e distributor 
830 0 |a Indiana series in Middle East studies. 
830 0 |a Book collections on Project MUSE. 
856 4 0 |z Texto completo  |u https://projectmuse.uam.elogim.com/book/3845/ 
945 |a Project MUSE - Custom Collection 
945 |a Project MUSE - Archive Complete Foundation 
945 |a Project MUSE - Archive Political Science and Policy Studies Foundation